000 01078nam a2200229Ia 4500
003 OSt
005 20260515113551.0
008 160316s2005 xxu||||| |||| 00| 0 eng d
020 _a9781845422080 (pbk.)
082 _a338.5 SNO
100 _aSnowdon, Brian
245 _aModern microeconomics :
_bits origins, development and current state /
_cBrian Snowdon and Howard R. Vane
260 _aLondon :
_bEdward Elgar,
_c2005.
300 _axviii, 807 p. :
_bill. ;
_c24 cm.
365 _bRS. 4,176.00
505 _a1. Understanding Modern Macroeconomics 2. Keynes v. the 'Old' Classical Model 3. The Orthodox Keynesian School 4. The Orthodox Monetarist School 5. The New Classical School 6. The Real Business Cycle School 7. The New Keynesian School 8. The Post Keynesian School 9. The Austrian School 10. The New Political Macroeconomics 11. The Renaissance of Economic Growth Research 12. Conclusions and Reflections
650 _aMicroeconomics
650 _aDevelopment
650 _aEconomic.
700 _aVane, Howard R.
942 _2ddc
_cBK
999 _c40866
_d40866